[Event "WCh Women"]
[Site "Antakya TUR"]
[Date "2010.12.04"]
[Round "1"]
[White "Hou Yifan"]
[Black "Heredia Serrano, C."]
[Result "1-0"]
[WhiteElo "2591"]
[BlackElo "2087"]
[PlyCount "69"]
[EventDate "2010.12.04"]

1. e4 c6 2. d4 d5 3. Nc3 dxe4 4. Nxe4 Bf5 5. Ng3 Bg6 6. h4 h6 7. Nf3 Nd7 8. h5
Bh7 9. Bd3 Bxd3 10. Qxd3 e6 11. Bd2 Ngf6 12. O-O-O Be7 13. Ne4 Nxe4 14. Qxe4
Nf6 15. Qd3 b5 16. Ne5 Qd5 17. Kb1 O-O 18. g4 Nd7 19. Nf3 c5 20. g5 hxg5 21.
Rdg1 c4 22. Qe3 b4 {#} 23. Bxb4 $1 {That Hou Yifan overpowers her opponent is
not surprising, but she sets a good tone for the rest of the tournament by
showing how sharp her tactical eye is.} Bxb4 24. Rxg5 f5 (24... Qc6 25. Rhg1 g6
26. Rxg6+ $3 fxg6 27. Rxg6+ Kf7 28. Ng5+ Ke7 29. Rxe6+ $18) 25. h6 Rf7 26. hxg7
Rxg7 27. Rhg1 Bf8 28. Rxg7+ Bxg7 29. Qh6 Kf8 30. Rxg7 Ke8 31. Qh4 Qd6 32. Ng5
Qb4 33. Qh5+ Kd8 34. Nxe6+ Kc8 35. Qe8+ 1-0